000 00378pam a2200145 a 4500
020 _a9780199204854
_c
041 _aeng
082 _a616/WAR
_b11511
100 _aWARRELI D.A., COX T.M.,.
245 _aOXFORD T/B OF MEDICINE VOL-2
_hTextual Documents
260 _bOXFORD UNIVERSITY PRESS
_c2010
300 _a1785-3715:
_bLI;
_cHB.
930 _a6246
999 _c800773
_d800773
650 _aGEN.MEDICINE